000
00448nam a2200181Ia 4500
008
090123s9999 xx 000 0 und d
082
_b
13359
100
_a
भावे पु. भा.
245
_a
रुप
250
_a
2
260
_b
मेनका मु.
_c
1973
300
_a
144
600
_a
भावे पु. भा.
630
_a
रुप
700
_a
भावे पु. भा.
730
_a
रुप
942
_c
BOOK
999
_c
51421
_d
51421